Some Considerations Relevant to Prefunded Pensions in France

Na minha lista:
Detalhes bibliográficos
Autor principal: Levy, Joaquim V.
Formato: Livro
Idioma:inglês
Publicado em: Washington International Monetary Fund 1995
Edição:1. ed.
Colecção:IMF Working Paper 64
Assuntos:
Tags: Adicionar Tag
Sem tags, seja o primeiro a adicionar uma tag!

MARC

LEADER 00000nam a2200000 4500
001 c014841
005 20221205133530.8
041 0 |a eng 
044 |a US 
245 1 0 |a Some Considerations Relevant to Prefunded Pensions in France  |c Joaquim V. Levy 
250 |a 1. ed. 
264 1 |a Washington  |b International Monetary Fund  |c 1995 
300 |a 27 s. 
490 1 |a IMF Working Paper  |v 64 
830 0 |a IMF Working Paper  |v 64 
610 2 0 |a poistenie dôchodkové 
610 2 0 |a poistenie dôchodkové doplnkové 
610 2 0 |a poistenie sociálne 
610 2 0 |a poistenie starobné 
610 2 0 |a pripoistenie 
610 2 0 |a Francúzsko 
100 1 |a Levy, Joaquim V.